Human factors in computing systems
Збережено в:
| Автори: | , , |
|---|---|
| Формат: | Книга |
| Мова: | Англійська |
| Опубліковано: |
Nueva York
The Association for Computing Machinery
1992
|
| Предмети: | |
| Теги: |
Додати тег
Немає тегів, Будьте першим, хто поставить тег для цього запису!
|
MARC
| LEADER | 00000nam a2200000 a 4500 | ||
|---|---|---|---|
| 001 | UCT4454 | ||
| 003 | CL-VaPUC | ||
| 005 | 20250227163033.0 | ||
| 008 | 961114e19920000us 1 eng d | ||
| 082 | 0 | 4 | |a 006 |b BAU |2 21 |
| 100 | 1 | |a Bauersfeld, Penny |e author |9 618067 | |
| 700 | 1 | |a Bennett, John L |e author |9 618068 | |
| 700 | 1 | |a Lynch, Gene |e author |9 618069 | |
| 245 | 1 | 0 | |a Human factors in computing systems |
| 260 | |a Nueva York |b The Association for Computing Machinery |c 1992 | ||
| 300 | |a 713 p | ||
| 583 | |a last modification |c 19961114 00:00:00 |k Rodrigo Vera | ||
| 650 | 0 | 0 | |a Realidad virtual |9 361882 |
| 650 | 0 | 0 | |a Computadores |9 258188 |
| 650 | 0 | 7 | |a HIPERTEXTO |2 CL-VaPUC |9 370740 |
| 650 | 0 | 0 | |a Videos |9 335420 |
| 650 | 0 | 7 | |a GRAFICA |2 CL-VaPUC |9 618070 |
| 650 | 0 | 7 | |a DEMOSTRACIONES |2 CL-VaPUC |9 618071 |
| 650 | 0 | 0 | |a Diseño |9 260483 |
| 650 | 0 | 7 | |a TECNICAS |2 CL-VaPUC |9 315860 |
| 942 | |c BK | ||
| 945 | |a nastorga |d 19961114 00:00:00 | ||
| 546 | |a En Inglés | ||
| 518 | |p CHI'92 Conference Proceeding. ACM conference on Human Factors in computing Systems, California, 1992 | ||
| 999 | |c 382770 |d 382768 | ||
| 952 | |0 0 |1 0 |4 0 |6 006_000000000000000_BAU_1992 |7 0 |8 A |9 504652 |a BIBING |b BIBING |d 2020-01-23 |i 3251187 |o 006 BAU 1992 |p 3251187 |r 2025-01-20 |w 2020-01-23 |y BK |k ING | ||